000 00645nam a2200229Ia 4500
003 OSt
005 20220918203308.0
006 a|||||r|||| 00| 0
007 ta
008 220917b |||||||| |||| 00| 0 eng d
024 _a107,335
037 _cTextual
040 _aARTS
_cARTS
_beng
041 _2eng
_aeng
082 _aV41:80X:D, J0
100 _aSwann Nancy Lee Tr
_9107814
245 0 _aFood and Money in ancient China
_bThe earliest economic history of China to A D 25
260 _aNA
_bNA
_c1950
650 _aHISTORY
942 _hV41:80X:D, J0
_cTEXL
_2CC
999 _c230693
_d230693